Islam in South Asia: proceedings (Record no. 387773)

000 -LEADER
fixed length control field 00539cam a22001577a 4500
008 - FIXED-LENGTH DATA ELEMENTS--GENERAL INFORMATION
fixed length control field 180718b1995 xxu||||| |||| 00| 0 eng d
082 ## - DEWEY DECIMAL CLASSIFICATION NUMBER
Classification number AB Ah51
100 ## - MAIN ENTRY--PERSONAL NAME
Personal name International Seminar on Islamic History, art and Culture in South Asia (1986: Islamabad)
245 ## - TITLE STATEMENT
Title Islam in South Asia: proceedings
Statement of responsibility, etc. edited by Rashid Ahmad and Afzal Haq Qarshi
260 ## - PUBLICATION, DISTRIBUTION, ETC.
Place of publication, distribution, etc. Lahore
Name of publisher, distributor, etc. Institute of Islamic Culture
Date of publication, distribution, etc. 1995
300 ## - PHYSICAL DESCRIPTION
Extent 277p.
650 ## - SUBJECT ADDED ENTRY--TOPICAL TERM
Topical term or geographic name entry element Islam and art
650 ## - SUBJECT ADDED ENTRY--TOPICAL TERM
Topical term or geographic name entry element Islam - History
700 ## - ADDED ENTRY--PERSONAL NAME
Personal name Qarshi, Afzal Haq
700 ## - ADDED ENTRY--PERSONAL NAME
Personal name Ahmad, Rashi
Holdings
Withdrawn status Lost status Damaged status Not for loan Permanent Location Current Location Date acquired Full call number Barcode Date last seen Price effective from Koha item type
        Indian Institute of Public Administration Indian Institute of Public Administration 1998-08-26 AB Ah51 73569 2018-07-21 2018-07-21 Book

Powered by Koha